[Event "CRO-chT1A 30th"]
[Site "Porec"]
[Date "2022.09.29"]
[Round "6.3"]
[White "Janzelj, Tim"]
[Black "Erdos, Viktor"]
[Result "1/2-1/2"]
[WhiteElo "2456"]
[BlackElo "2597"]
[PlyCount "61"]
[EventDate "2022.09.24"]
[EventType "team-tourn"]
[EventRounds "9"]
[EventCountry "CRO"]
[SourceTitle "CBM 210 Extra"]
[Source "ChessBase"]
[SourceDate "2022.11.30"]
[SourceVersion "1"]
[SourceVersionDate "2022.11.30"]
[SourceQuality "1"]
[WhiteTeam "Novo Virje Konaki"]
[BlackTeam "Strigova Stridon"]
[WhiteTeamCountry "CRO"]
[BlackTeamCountry "CRO"]

1. d4 Nf6 2. c4 g6 3. Nc3 d5 4. cxd5 Nxd5 5. e3 Bg7 6. Nxd5 Qxd5 7. Ne2 0-0 8. Nc3 Qd6 9. Be2 c5 10. d5 e6 11. e4 exd5 12. exd5 Re8 13. 0-0 Bf5 14. Be3 Nd7 15. Qd2 a6 16. a4 Rac8 17. Rfe1 Be5 18. h3 Nf6 19. Bf3 h5 20. a5 c4 21. Bd4 Bh2+ 22. Kh1 Bf4 23. Be3 Be5 24. Bd4 Bf4 25. Be3 Be5 26. Rac1 Bd3 27. Bg5 Nh7 28. Be3 Nf6 29. Bg5 Nh7 30. Bh6 Nf6 31. Bg5 1/2-1/2

[Event "CRO-chT1A 30th"]
[Site "Porec"]
[Date "2022.09.28"]
[Round "5.3"]
[White "Erdos, Viktor"]
[Black "Stevic, Hrvoje"]
[Result "1/2-1/2"]
[WhiteElo "2597"]
[BlackElo "2565"]
[PlyCount "21"]
[EventDate "2022.09.24"]
[EventType "team-tourn"]
[EventRounds "9"]
[EventCountry "CRO"]
[SourceTitle "CBM 210 Extra"]
[Source "ChessBase"]
[SourceDate "2022.11.30"]
[SourceVersion "1"]
[SourceVersionDate "2022.11.30"]
[SourceQuality "1"]
[WhiteTeam "Strigova Stridon"]
[BlackTeam "Zagreb Zagreb"]
[WhiteTeamCountry "CRO"]
[BlackTeamCountry "CRO"]

1. e4 e5 2. Nf3 Nc6 3. Bc4 Nf6 4. Ng5 d5 5. exd5 Na5 6. Bb5+ Bd7 7. Qe2 Be7 8. Nf3 Nxd5 9. Bxd7+ Qxd7 10. Nxe5 Qe6 11. d4 1/2-1/2

[Event "CRO-chT1A 30th"]
[Site "Porec"]
[Date "2022.09.26"]
[Round "3.2"]
[White "Vavulin, Maksim"]
[Black "Erdos, Viktor"]
[Result "1/2-1/2"]
[WhiteElo "2550"]
[BlackElo "2597"]
[PlyCount "64"]
[EventDate "2022.09.24"]
[EventType "team-tourn"]
[EventRounds "9"]
[EventCountry "CRO"]
[SourceTitle "CBM 210 Extra"]
[Source "ChessBase"]
[SourceDate "2022.11.30"]
[SourceVersion "1"]
[SourceVersionDate "2022.11.30"]
[SourceQuality "1"]
[WhiteTeam "Pula"]
[BlackTeam "Strigova Stridon"]
[WhiteTeamCountry "CRO"]
[BlackTeamCountry "CRO"]

1. e4 e5 2. Nf3 Nc6 3. Bb5 a6 4. Ba4 Nf6 5. 0-0 Be7 6. d3 d6 7. c3 0-0 8. Re1 Re8 9. Nbd2 Bf8 10. Nf1 h6 11. Ng3 b5 12. Bc2 d5 13. exd5 Qxd5 14. d4 Bb7 15. Ne4 Qd8 16. Qd3 g6 17. dxe5 Nxe4 18. Qxd8 Raxd8 19. Rxe4 Na5 20. Re1 Nc4 21. b3 Na3 22. Bd1 b4 23. cxb4 Bxb4 24. Bxa3 Bxa3 25. Be2 a5 26. Bc4 Bxf3 27. gxf3 Bb2 28. e6 fxe6 29. Rad1 Rd6 30. Rxd6 cxd6 31. Rxe6 Rxe6 32. Bxe6+ Kg7 1/2-1/2

[Event "Olympiad-44"]
[Site "Chennai"]
[Date "2022.08.07"]
[Round "9.1"]
[White "Erdos, Viktor"]
[Black "Sebenik, Matej"]
[Result "1-0"]
[WhiteElo "2586"]
[BlackElo "2512"]
[PlyCount "77"]
[EventDate "2022.07.29"]
[EventType "team-swiss"]
[EventRounds "11"]
[EventCountry "IND"]
[SourceTitle "CBM 210"]
[Source "ChessBase"]
[SourceDate "2022.10.31"]
[SourceVersion "1"]
[SourceVersionDate "2022.10.31"]
[SourceQuality "1"]
[WhiteTeam "Hungary"]
[BlackTeam "Slovenia"]
[WhiteTeamCountry "HUN"]
[BlackTeamCountry "SLO"]

1. e4 c5 2. Nf3 d6 3. d4 cxd4 4. Qxd4 Nc6 5. Qe3 g6 6. Be2 Bg7 7. 0-0 Nf6 8. Nc3 0-0 9. Rd1 Be6 10. Nd5 Rc8 11. c3 Ng4 12. Qf4 h6 13. Qg3 Nge5 14. Ne1 Nb8 15. Qh4 g5 16. Qg3 Ng6 17. Nd3 Rc4 18. f3 Nd7 19. Ne3 Rc8 20. Nf5 Bxf5 21. exf5 Nh4 22. Qh3 Qa5 23. f4 Nxf5 24. fxg5 hxg5 25. Bg4 e6 26. Bxg5 Nf6 27. Bxf5 Qxf5 28. Qxf5 exf5 29. Bxf6 Bxf6 30. Rf1 Be5 31. Rxf5 f6 32. Raf1 Kg7 33. g4 Rc4 34. h3 Rh8 35. Kg2 Re4 36. Nxe5 Re2+ 37. Kg3 fxe5 38. Rf7+ Kg6 39. R1f6+ 1-0

[Event "Olympiad-44"]
[Site "Chennai"]
[Date "2022.08.03"]
[Round "6.1"]
[White "Erdos, Viktor"]
[Black "Kadric, Denis"]
[Result "1/2-1/2"]
[WhiteElo "2586"]
[BlackElo "2554"]
[PlyCount "60"]
[EventDate "2022.07.29"]
[EventType "team-swiss"]
[EventRounds "11"]
[EventCountry "IND"]
[SourceTitle "CBM 210"]
[Source "ChessBase"]
[SourceDate "2022.10.31"]
[SourceVersion "1"]
[SourceVersionDate "2022.10.31"]
[SourceQuality "1"]
[WhiteTeam "Hungary"]
[BlackTeam "Montenegro"]
[WhiteTeamCountry "HUN"]
[BlackTeamCountry "MNE"]

1. e4 e5 2. Nf3 Nf6 3. Nxe5 d6 4. Nf3 Nxe4 5. c4 Nc6 6. Nc3 Nxc3 7. dxc3 g6 8. Bg5 Be7 9. Bh6 Bf8 10. Be3 Qe7 11. Be2 Bg7 12. 0-0 0-0 13. Re1 Re8 14. Bf1 Qf8 15. Nd4 Nxd4 16. cxd4 Bf5 17. Qd2 b6 18. Rac1 h5 19. Bd3 Bxd3 20. Qxd3 Re6 21. Bd2 Rae8 22. Kf1 Bh6 23. b3 Bxd2 24. Qxd2 Qg7 25. Rxe6 Rxe6 26. Re1 Rxe1+ 27. Kxe1 Qf6 28. f3 a5 29. Kf2 c5 30. dxc5 dxc5 1/2-1/2

[Event "Olympiad-44"]
[Site "Chennai"]
[Date "2022.08.01"]
[Round "4.1"]
[White "Quesada Perez, Yasser"]
[Black "Erdos, Viktor"]
[Result "1-0"]
[WhiteElo "2568"]
[BlackElo "2586"]
[PlyCount "89"]
[EventDate "2022.07.29"]
[EventType "team-swiss"]
[EventRounds "11"]
[EventCountry "IND"]
[SourceTitle "CBM 210"]
[Source "ChessBase"]
[SourceDate "2022.10.31"]
[SourceVersion "1"]
[SourceVersionDate "2022.10.31"]
[SourceQuality "1"]
[WhiteTeam "Cuba"]
[BlackTeam "Hungary"]
[WhiteTeamCountry "CUB"]
[BlackTeamCountry "HUN"]

1. e4 e5 2. Nf3 Nc6 3. Bc4 Nf6 4. d4 exd4 5. e5 d5 6. Bb5 Ne4 7. Nxd4 Bd7 8. Bxc6 bxc6 9. 0-0 Be7 10. f3 Nc5 11. f4 0-0 12. f5 Ne4 13. Nc3 Bc5 14. Nxe4 dxe4 15. Kh1 Re8 16. e6 fxe6 17. f6 gxf6 18. Qg4+ Kh8 19. Qxe4 e5 20. Nxc6 f5 21. Qd5 Bxc6 22. Qxc6 Qd6 23. Qxd6 cxd6 24. Rxf5 Rf8 25. g4 Rxf5 26. gxf5 Rf8 27. Bd2 Rxf5 28. b4 Bb6 29. a4 e4 30. c4 Bd4 31. Re1 Rf2 32. Bg5 Be5 33. Rxe4 Rxh2+ 34. Kg1 Ra2 35. c5 Rxa4 36. c6 Ra1+ 37. Kf2 Ra2+ 38. Re2 Ra3 39. Rc2 Rh3 40. Rc1 d5 41. Bf6+ Bxf6 42. c7 Bh4+ 43. Ke2 Rh2+ 44. Kf3 Rf2+ 45. Kg4 1-0

[Event "Olympiad-44"]
[Site "Chennai"]
[Date "2022.07.29"]
[Round "1.1"]
[White "Kiriella, KGTSD"]
[Black "Erdos, Viktor"]
[Result "0-1"]
[WhiteElo "1781"]
[BlackElo "2586"]
[PlyCount "58"]
[EventDate "2022.07.29"]
[EventType "team-swiss"]
[EventRounds "11"]
[EventCountry "IND"]
[SourceTitle "CBM 210"]
[Source "ChessBase"]
[SourceDate "2022.10.31"]
[SourceVersion "1"]
[SourceVersionDate "2022.10.31"]
[SourceQuality "1"]
[WhiteTeam "Sri Lanka"]
[BlackTeam "Hungary"]
[WhiteTeamCountry "SRI"]
[BlackTeamCountry "HUN"]

1. e4 c5 2. Nf3 e6 3. d4 cxd4 4. Nxd4 Nc6 5. Nxc6 bxc6 6. c4 Nf6 7. Bd3 e5 8. Nc3 Bc5 9. Be3 Bxe3 10. fxe3 d6 11. h3 Be6 12. Qe2 Rb8 13. 0-0-0 Qa5 14. Bc2 0-0 15. Ba4 Qc5 16. Bb3 Rb4 17. Na4 Qa5 18. Nc3 Rd8 19. Rhf1 Qc5 20. Rxf6 gxf6 21. Qf3 h6 22. Kb1 Kh7 23. Na4 Qa5 24. Qxf6 Rg8 25. Nc3 Rxg2 26. c5 Rxb3 27. axb3 Bxb3 28. Rc1 Qb4 29. cxd6 Ba2+ 0-1